000 00409 a2200109 4500
001 ART_41542
005 20260410162023.0
008 260409a
245 1 0 _aSobre la dimensión adquirida por los decretos de necesidad y urgencia en el derecho argentino
100 1 _aMidón, Mario A.R.
773 0 _tRevista Iberoamericana de derecho constitucional
_g- Año I, Nº 1 (nov. 2003)
_wREV41515
999 _c33282
_d33282